000 00290nam a2200121 a 4500
008 100922s1972|||| d
100 1 _aFabry, Rudolf
245 1 0 _aOdvíjanie času
260 _bSlovenský spisovateľ
_aBratislava
_c1972
020 _c19
044 _axo
_cSK
041 _aslo
999 _c10606
_d10606